Le recrutement de A a Z

Αποθηκεύτηκε σε:
Λεπτομέρειες βιβλιογραφικής εγγραφής
Κύριος συγγραφέας: Agard, Josiane
Άλλοι συγγραφείς: Vaz, Philippe
Μορφή: Βιβλίο
Γλώσσα:French
Δημοσίευση: Paris : InterEditions, c1988
Θέματα:
Ετικέτες: Προσθήκη ετικέτας
Δεν υπάρχουν, Καταχωρήστε ετικέτα πρώτοι!

MARC

LEADER 00000cam a2200000 i 4500
001 1/19827
008 960703s1988 fre d
020 |a 2729602224 
035 |l 10021414 
040 |a GR-MY-UA  |b gre  |e aacr 
041 0 |a fre 
082 0 |a 658.3111 
100 1 |a Agard, Josiane. 
245 1 3 |a Le recrutement de A a Z /  |c Josiane Agard et Philippe Vaz 
260 |a Paris :   |b InterEditions,   |c c1988 
300 |a 320 σ.;  |b εικ.;  |c 22 cm 
504 |a Includes filmography (p. [315]-316) and bibliographical references (p. [317]-320) 
650 0 0 |a Employees  |x Recruiting. 
700 1 |a Vaz, Philippe. 
852 |a INST  |b CHIOS  |e 19960703  |h 658.3111 AGA  |p 005200001509  |q 005200001509  |t BK  |y 0 
909 |a Χ  |b 041992